Statistiche per Ricostruisci la Carriera del Calciatore - Andrea Ranocchia

Clicka qui per fare il quiz!

Statistiche generali

  • Questo quiz è stato fatto 5 volte
  • Il punteggio medio è 3 su 9

Statistiche sulle risposte

HintRisposta% Corretto
2006-2008 Arezzo
75%
2017Hull City
75%
2008-2010Bari
50%
2010-2011 Genoa
25%
2011-2016 Inter
25%
2016-2017 Inter
0%
2017-2022 Inter
0%
2022 Monza
0%
2016Sampdoria
0%

Distribuzione punteggi

Percentile per numero di risposta

Percentuale di utenti per punteggio

I tuoi punteggi nel tempo

Non hai fatto questo quiz